000 00735nam a2200193 a 4500
001 000047984
005 20201002060838.0
008 181009d1984 dr 000 0 spa d
040 _aDO-SdBNP
_bspa
_cBNPHU
082 _axx
_bxx
245 0 0 _aRorschach y tat :
_bsupuestos, descripción y críticas /
_ccompilador Enerio Rodríguez Arias.
246 1 4 _aLas fallas de los tests proyectivos
260 _aSanto Domingo :
_bCírculo Editorial,
_c1984.
300 _a203 p. : ;
_c21 cm.
500 _aIncluye referencias bibliográficas y notas al pie de las páginas
534 _aAnderson & Anderson. Técnicas proyectivas del diagnóstico psicológico.
590 _aInventariado, 2018/VM
700 1 _aRodríguez Arias, Enerio
_925867
999 _c47472
_d47472